000 00713cam a22002055a 4500
001 L138670
008 070702s2000 xxk f 000 0 eng d
020 _a1853836540
035 _a(Sirsi) u138670
041 0 _aeng
050 0 4 _a711.52 $2 18
100 1 _aWates, Nick
245 0 4 _aThe community planning handbook
260 _aLondon
_bEarthscan
_c2000
300 _a230p.
_bill.
_c21cm.
350 _a14.95
521 _aWritten for all those concerned with the built environment, this practical handbook provides an overview of a wide range of methods of community planning. Includes A-Z lists of general principles, methods and scenarios.
690 _aPlanning and development
_96259
942 _n0
999 _c107220
_d107220